=LDR 00000nam 2200000 4500 =001 INLIS000000000024091 =005 20130612122711 =008 ***********************************Ind** =035 ##$$0010-061300000024091 =041 ##$$a Ind =082 ##$$a 427 =090 ##$$a 427, Goo e =100 ##$$a Goodale, Malcolm =245 ##$$a Efektif dan efisien dalam rapat berbahas inggris, Malcolm Goodale =260 ##$$a 1995 $b Jakarta =300 ##$$a 13 hlm, ilus, 21 cm =650 ##$$a Bahasa inggris - Dialek =850 ##$$a NBPNMAT